LDR 00918naa#a2200229#i#450# 001 EN\\bibl\120588 005 20260501114210.5 011 ## _a2587-6740 100 ## _a20260415b2026####ek#y0engy0150####ca 102 ## _aRU 200 1# _aAnalysis of the global wheat market and characteristics of grain exports from the Russian Federation in the current geopolitical conditions _eJournal article 210 1# _aMoscow _cElectronic science _d2026 215 ## _a4 с. 608 ## _aJournal article _2local 675 ## _aВнешнеторговая политика. Инструменты внешнеторговой политики например,. 339.54 _z 700 #1 _aAksenov _gIlia Antonovich 700 #1 _aTrunin _gGrigory Aleksandrovich 700 #1 _aFabrikov _gMaxim Sergeevich 700 #1 _aKhrustaleva _gNadezhda Vladimirovna 700 #1 _aNazvanova _gKarina Vladimirovna 700 #1 _aRoshchin _gIvan Nikolaevich 856 4# _amshj.ru _u